00220nam a22000857a 4500082001500000100001600015245005000031260004100081300001200122 a297.925WAQ aWaqar Ahmed aEminent Muslim Scientists the Quaid and Poets aKarachi:bRoyal Book Company,c1987. a106p. ;